00849 a2200205 4500003000500000005001700005010001600022020001500038040000900053082001400062100002100076245006700097250005900164260003700223300004100260505027400301650002900575700002000604700001900624NUST20221123135522.0 a 97021345 a0393970833 cNust00a519.5,FRE1 aFreedman, David,10aStatistics /cDavid Freedman, Robert Pisani, and Roger Purves  a3rd ed. bDavid Freedman, Robert Pisani, Roger Purves. aNew York :bW.W. Norton,cc1998. axviii, 578, 123 p. :bill. ;c27 cm. aPart-1: Design of Experiments (Page-3), Part-2: Descriptive Statistics (Page-31), Part-3: Correlation and Regression (Page-119), Part-4: Probability (Page-221), Part-5: Chance Variability (Page-273), Part-6: Sampling (Page-333), Part-7:Tests of Significance (Page-475). 0aMathematical statistics.1 aPisani, Robert.1 aPurves, Roger.